[Event "FRA-chT4 0102"]
[Site "Champagne Ardenne"]
[Date "2001.12.09"]
[Round "3"]
[White "Iung, Pierre"]
[Black "Meunier, Samuel"]
[Result "0-1"]
[WhiteElo "1520"]
[BlackElo "1830"]
[PlyCount "37"]
[EventDate "2002.10.??"]
[EventType "team"]
[EventRounds "7"]
[EventCountry "FRA"]
[SourceTitle "EXT 2005"]
[Source "ChessBase"]
[SourceDate "2004.11.15"]
[SourceVersion "1"]
[SourceVersionDate "2004.11.15"]
[SourceQuality "1"]

1. f4 d5 2. e3 Nf6 3. h3 c5 4. d3 Nc6 5. Nf3 Qc7 6. c3 e5 7. fxe5 Nxe5 8. Nxe5 Qxe5 9. Qf3 Bd6 10. Qf4 Qe7 11. Qf3 0-0 12. Bd2 Bd7 13. Na3 Bc6 14. 0-0-0 b5 15. Nc2 Rab8 16. Na1 a5 17. c4 Qb7 18. Bc3 d4 19. Qf5 0-1